[Event "Open A"]
[Site "Genova ITA"]
[Date "1993.03.??"]
[Round "2"]
[White "Duarte, Riccardo"]
[Black "Guido, Flavio"]
[WhiteElo "1915"]
[BlackElo "2245"]
[Result "0-1"]
[PlyCount "76"]
[EventDate "1993.03.20"]

1. e4 c5 2. f4 d5 3. exd5 Nf6 4. Bb5+ Bd7 5. Bxd7+ Qxd7 6. Nf3 Nxd5 7. d3 Nc6
8. O-O e6 9. Nc3 Be7 10. Bd2 O-O 11. Ne4 Qc7 12. Nfg5 h6 13. Nh3 Rad8 14. Qh5
Nf6 15. Nxf6+ Bxf6 16. Bc3 Nd4 17. Rac1 c4 18. Kh1 Rd5 19. Qg4 cxd3 20. cxd3
Qe7 21. Nf2 g6 22. Ne4 Bg7 23. Qd1 Rfd8 24. Qa4 Nc6 25. Bxg7 Kxg7 26. Nf2 Rd4
27. Qb3 Rxf4 28. Ne4 Rxf1+ 29. Rxf1 f5 30. Qc3+ e5 31. Ng3 Qb4 32. Qc2 Kh7 33.
a3 Qb5 34. Rd1 Rd7 35. a4 Qd5 36. Qf2 Qd4 37. Qf1 Qxa4 38. Nxf5 Rf7 0-1

[Event "Open A"]
[Site "Genova ITA"]
[Date "1993.03.??"]
[Round "4"]
[White "Guido, Flavio"]
[Black "Berg, Daniel"]
[WhiteElo "2245"]
[BlackElo "2370"]
[Result "1-0"]
[PlyCount "43"]
[EventDate "1993.03.20"]

1. e4 d6 2. d4 Nf6 3. Nc3 g6 4. Be3 Bg7 5. Qd2 c6 6. f3 b5 7. Bh6 Bxh6 8. Qxh6
b4 9. Na4 Nbd7 10. Nh3 Nb6 11. Nxb6 Qxb6 12. O-O-O Bxh3 13. Qxh3 O-O 14. Qh6 c5
15. e5 Nd5 16. h4 Nc3 17. h5 dxe5 18. dxe5 Rfd8 19. Bd3 Qa5 20. hxg6 fxg6 21.
Qxh7+ Kf8 22. Qh6+ 1-0